000 00748cam a22002412i 4500
001 CIP113001024
003 yeezen
005 20250701144419.0
008 240117s2024 ch e 000 0 chi d
020 _a9786267093641
_q(平裝)
040 _aCIP
_bchi
042 _anbic
084 _a416.3
_2ncsclt
090 _a416.3
245 1 0 _a手術全期護理. 上, 實務基礎與特殊照護
_cJane C. Rothrock, Donna McEwen, Sharon Ann Van Wicklin作; 高上淨, 張瑜玲翻譯
250 _a17版
260 _a臺北市 :
_b臺灣愛思唯爾,
_c2024.11
300 _a面 ;
_c公分
440 _aAlexander's care of the patient in surgery /
650 7 _2lcstt
_a手術期護理
650 7 _2lcstt
_a外科技術
942 _2ccl
_cLNTERM
999 _c7643
_d7643